Statistics for Most Common US Last Names Starting With D

Click here to take the quiz!

General Stats

  • This quiz has been taken 346 times
  • The average score is 8 of 18

Answer Stats

#name% Correct
1,072,335Davis
86%
102,044Davidson
80%
75,135Daniel
79%
138,776Daniels
77%
80,190Dawson
62%
101,676Day
56%
74,784Dennis
54%
109,230Dean
52%
96,425Douglas
43%
152,015Dixon
40%
251,772Diaz
38%
136,955Dunn
38%
130,419Duncan
28%
83,731Dominguez
26%
73,518Doyle
18%
68,046Duran
17%
98,675Delgado
10%
65,598DeLeon
7%

Score Distribution

Percentile by Number Answered

Percent of People with Each Score

Your Score History

You have not taken this quiz